Aplicación de las normas para la presentación del desarrollo del proyecto Mercado Municipal Jinotepe

Comprende el desarrollo de los planos constructivos del Mercado Municipal de Jinotepe y una Investigación previa sobre normas y técnicas de representación de un proyecto lo cual se presenta en el juego de planos que se obtuvo como resultado. Abarca Normas de diseño para mercados municipales, Req...

Full description

Bibliographic Details
Main Authors: Aragón Zapata, Alba, Jirón Linares, Gisella, Rodríguez Ayala, Reyna
Other Authors: Tutor: González, Samuel
Format: Tesis Section = Libro
Language:Undetermined
Spanish
Published: Managua UNI 2002
Subjects:
LEADER 01357nam a2200277Ia 4500
008 240830s9999 xx 000 0 und d
040 |a BIBLIOTECA-RUSB/ Mon 725.2 A659 
041 |a spa 
082 |a Mon 725.2 A659 
100 1 |a Aragón Zapata, Alba 
100 1 |b Jirón Linares, Gisella 
100 1 |c Rodríguez Ayala, Reyna 
245 1 0 |a Aplicación de las normas para la presentación del desarrollo del proyecto Mercado Municipal Jinotepe 
260 |a Managua  |b UNI  |c 2002 
300 |a 60 p. :il. 
500 |a Contiene: anexos. 
502 |a Tesis (Arquitecto) - UNI, 2002. 
520 3 |a Comprende el desarrollo de los planos constructivos del Mercado Municipal de Jinotepe y una Investigación previa sobre normas y técnicas de representación de un proyecto lo cual se presenta en el juego de planos que se obtuvo como resultado. Abarca Normas de diseño para mercados municipales, Requerimientos de presentación de planos constructivos arquitectónicos, información general del proyecto. 
650 7 |a EDIFICIOS DE COMERCIO MERCADO MUNICIPAL - JINOTEPE 
650 7 |b  NORMAS DE DISEÑO MERCADO MUNICIPAL - JINOTEPE 
650 7 |c  NORMAS AMBIENTALES MERCADO MUNICIPAL - JINOTEPE 
650 7 |d  PLANOS CONSTRUCTIVOS MERCADO - JINOTEPE 
700 1 |a Tutor:  |b González, Samuel 
942 |c BK  |2 ddc 
991 |a TESIS 
999 |c 21217